000 00815nam a2200253 i 4500
003 DO-SdBNP
005 20240712090727.0
007 ta
008 240712b1989 cl d 001 0 spa d
040 _aDO-SdBNP
_bspa
_cBNPHU
_erda
082 4 _bD337
_222
100 1 _aDélano, Manuel
_eautor
_974641
245 1 3 _aLa herencia de Los Chicago Boys /
_cManuel Délano, Hugo Traslaviña
264 _aChile :
_bOrnitorrinco,
_c1989.
300 _a209 páginas :
_bgráficas
_c21 cm.
336 _2rdacontent
_atexto
_btxt
337 _2rdamedia
_asin mediación
_bnc
338 _2rdacarrier
_avolumen
_bnc
500 _aIncluye datos biografícos de los autores en la contraportada.
590 _aInventariado, 2024/ YL
700 1 _aTraslaviña, Hugo
_eautor
_911936
910 _aYlockward
942 _2ddc
_cLBS1
999 _c57278
_d57278